La industria del aguacate
Gardado en:
| Main Authors: | , |
|---|---|
| Formato: | Libro |
| Idioma: | Lingua castelá |
| Publicado: |
Ciudad de México
Centro Regional de Ayuda Técnica
1974
Ciudad de México Agencia para el Desarrollo Internacional 1974 |
| Subjects: | |
| Tags: |
Engadir etiqueta
Sen Etiquetas, Sexa o primeiro en etiquetar este rexistro!
|
MARC
| LEADER | 00000nam a2200000 a 4500 | ||
|---|---|---|---|
| 001 | UCR6792 | ||
| 003 | CL-VaPUC | ||
| 008 | 980423e19740000mx |||||||||||||||||spa|d | ||
| 082 | 0 | 4 | |a 634.1 |b RUE |2 21 |
| 100 | 0 | |a Ruehle, George D |e author |9 407907 | |
| 700 | 0 | |a Beckenbach, J. R |e author |9 407908 | |
| 245 | 1 | 3 | |a La industria del aguacate |
| 300 | |a 96 p | ||
| 942 | |c BK | ||
| 945 | |d 19980423 00:00:00 |a crobeson | ||
| 260 | |a Ciudad de México |b Centro Regional de Ayuda Técnica |c 1974 | ||
| 260 | |a Ciudad de México |b Agencia para el Desarrollo Internacional |c 1974 | ||
| 650 | 0 | |a Persea americana |9 403599 | |
| 650 | 7 | |a FRUTAS TROPICALES |2 CL-VaPUC |9 264444 | |
| 650 | 0 | |a Producción agrícola |9 353481 | |
| 650 | 0 | |a Paltas (Aguacates) |9 264279 | |
| 583 | |a last modification |c 20130816 05:06:28 |k Rodrigo Vera | ||
| 999 | |c 268698 |d 268696 | ||
| 952 | |0 0 |1 0 |4 0 |6 634_100000000000000_RUE_1974_1974 |7 0 |8 A |9 301950 |a BIBALI |b BIBALI |d 2019-11-20 |i 1988786 |o 634.1 RUE 1974 1974 |p 1988786 |r 2025-01-20 |w 2019-11-20 |y BK |k ALI | ||